LIBRARY & INFORMATION CENTRE, KCAET, TAVANUR

ONLINE PUBLIC ACCESS CATALOGUE (OPAC)

V C Krithikal / (Record no. 592)

MARC details
000 -LEADER
fixed length control field 00483cam a2200193ua 4500
041 ## - LANGUAGE CODE
Language code of text/sound track or separate title mal
082 ## - DEWEY DECIMAL CLASSIFICATION NUMBER
Classification number 894.812 1
Item number BAL/VC
100 ## - MAIN ENTRY--AUTHOR NAME
Personal name Balakrishna Panicker, V C .
245 ## - TITLE STATEMENT
Title V C Krithikal /
250 ## - EDITION STATEMENT
Edition statement /
260 ## - PUBLICATION, DISTRIBUTION, ETC. (IMPRINT)
Place of publication Calicut :
Name of publisher P.K Brothers ,
Year of publication 1960.
300 ## - PHYSICAL DESCRIPTION
Number of Pages 369 ; .
650 ## - SUBJECT ADDED ENTRY--TOPICAL TERM
Topical Term Poems - Malayalam
942 ## - ADDED ENTRY ELEMENTS (KOHA)
Koha item type Books
Holdings
Withdrawn status Lost status Damaged status Home library Current library Date acquired Full call number Accession Number Koha item type
Withdrawn     KAUAET Malayalam University 07/04/2012 894.812 1 170 Books
free website counter